1635 1021 1675 1206 1184 1211 1675 1033 1192 1570 1988 1087 1663 1985 1383 1718 1137 1339 1575 1089 1559 1194 1976 1677 1173 1776 1310 1549 1846 1596 1963 1247 1054 1913 1131 1389 1303 1925 1812 1447 1848 1145 1085 1129 1229 1159 1040 1292 1993 1725 1207 1815 1697 1789 1339 1493 1459 1344 1334 1475 1200 1755 1041 1335 1252 1157 1174 1970 1711 1380 1995 1237 1512 1998 1054 1409 1107 1495 1211 1182 1891 1923 1311 1937 1651 1071 1189 1099 1890 1548 1569 1198 1121 1825 1524 1796 1346 1480 1611 BCNSPRNW ULIB Ver.6.0+V

เปลี่ยนเป็นภาษาไทย

Change to English
 แสดงรายละเอียดบรรณานุกรม
  กลับหน้าหลัก

Brief Record : Get Marc (ISO 2709) : E-mail record : QR code < ปิดหน้าต่าง
LEADER : 00000nam 2200000uu 4500
001    13399111982
003     ULIB
008    110627s2552||||th 000 0 tha d
020    9786167190299
090    นว.^bก316อ ล.2 2552
100 0  กลีบลำดวน
245 00 อโณมายอดรัก/^cกลีบลำดวน
250    พิมพ์ครั้งที่ 1
260    กรุงเทพฯ :^bอินเลิฟ,^c2552
300    343 หน้า
710 1  อินเลิฟ
945    ^p209^l0^i028046
995    ทศพร
999 ^a ใช้งานได้ทุกระบบ
รายการนี้ยังไม่มีแท็ก
คุณยังไม่ได้ล็อกอิน คุณสามารถมีกิจกรรมร่วมกับเว็บไซต์ได้ แต่ต้องล็อกอินก่อน ::
  ล็อกอิน

รายการสื่อสารสนเทศ

ลำดับที่ ประเภท เลขเรียก/บาร์โค้ด สถานที่ สถานะ
- ไม่พบข้อมูล -

รายการใกล้เคียง
    ผู้แต่ง [กลีบลำดวน]

BibComment


ยังไม่เคยถูกคอมเมนท์

คอมเมนท์ทรัพยากรรายการนี้
  คอมเมนท์: อโณมายอดรัก กลีบล..


 Copyright 2026. Bcnsprnw @Library